|
|
|
|
| LEADER |
00982naa a2200229 i 4500 |
| 001 |
acta83259 |
| 005 |
20240123093823.0 |
| 008 |
240123s2021 hu o 100 hun d |
| 040 |
|
|
|a SZTE Egyetemi Kiadványok Repozitórium
|b hun
|
| 041 |
|
|
|a hun
|
| 100 |
1 |
|
|a Gombos Jarmo
|
| 245 |
1 |
0 |
|a Finlandizáció
|h [elektronikus dokumentum] :
|b [absztrakt] /
|c Gombos Jarmo
|
| 260 |
|
|
|c 2021
|
| 300 |
|
|
|a 8-9
|
| 490 |
0 |
|
|a Móra Kárpát-medencei Interdiszciplináris Szakkollégiumi Konferencia
|v 5
|
| 650 |
|
4 |
|a Társadalomtudományok
|
| 650 |
|
4 |
|a Politikatudomány
|
| 650 |
|
4 |
|a Bölcsészettudományok
|
| 650 |
|
4 |
|a Történettudomány és régészet
|
| 695 |
|
|
|a Finnország története - 20. sz. - előadáskivonat, Belpolitika - Finnország - 20. sz. - előadáskivonat
|
| 711 |
|
|
|a V. Móra Interdiszciplináris Kárpát-medencei Szakkollégiumi Konferencia
|c Szeged
|d 2021. november 26-27.
|
| 856 |
4 |
0 |
|u http://acta.bibl.u-szeged.hu/83259/1/morakonf_2021_nov_008-009.pdf
|z Dokumentum-elérés
|